Carregant...

Krishnagatha /

Dades bibliogràfiques
Autor principal: Cherussery
Idioma:Undetermined
Publicat: Kottayam : National Book stall , 1953.
Matèries:
LEADER 00561nam a2200169Ia 4500
001 164273
008 170722s9999 xx 000 0 und d
020 |a 8126403802 
100 |a Cherussery 
245 |a Krishnagatha / 
260 |a Kottayam :  |b National Book stall ,  |c 1953. 
300 |a 526 p. 
653 |a Malayalam Literature 
653 |a Poetry 
942 |c GEN 
999 |c 140835  |d 140835 
952 |0 0  |1 0  |4 0  |6 O_321J25K_J3KRJ31TBJ32P1P11  |7 0  |9 199011  |a LIB  |b LIB  |d 2017-08-12  |l 1  |o O32,1J25,K J3(KR),J3;1(TB),J3;2,P1,P1;1  |p 274301  |r 2018-07-09  |s 2018-07-06  |v 135.00  |w 2017-08-12  |y GEN